Anberlin Discography - Statistics

General Stats
  • This quiz has been taken 24 times
  • The average score is 46 of 82
Answer Stats
Hint Answer % Correct
Cities Godspeed
100%
Never Take Friendship Personal Never Take Friendship Personal
100%
New Surrender Feel Good Drag
94%
Cities (*Fin)
94%
Never Take Friendship Personal Paperthin Hymn
94%
Cities Reclusion
94%
Never Take Friendship Personal A Day Late
88%
Cities Adelaide
88%
Never Take Friendship Personal Dance Dance Christa Paffgen
88%
New Surrender Breaking
82%
New Surrender Breathe
82%
Cities Debut
82%
Cities Dismantle. Repair.
82%
Blueprints for the Black Market Glass To The Arson
82%
Blueprints for the Black Market Naive Orleans
82%
Never Take Friendship Personal The Feel Good Drag
82%
Never Take Friendship Personal Audrey, Start The Revolution!
76%
Blueprints for the Black Market Cadence
76%
Blueprints for the Black Market Readyfuels
76%
New Surrender Retrace
76%
Never Take Friendship Personal The Runaways
76%
Never Take Friendship Personal A Heavy Hearted Work Of Staggering Genius
71%
New Surrender Burn Out Brighter (Northern Lights)
71%
Blueprints for the Black Market Foreign Language
71%
New Surrender Haight Street
71%
Dark is the Way, Light is a Place Impossible
71%
Dark is the Way, Light is a Place (B-Side) Impossible (Acoustic)
71%
Never Take Friendship Personal Stationary Stationary
71%
Cities The Unwinding Cable Car
71%
Blueprints for the Black Market Autobahn
65%
New Surrender Blame Me! Blame Me!
65%
Blueprints for the Black Market Change The World (Lost Ones)
65%
Blueprints for the Black Market Cold War Transmissions
65%
New Surrender Disappear
65%
Cities Inevitable
65%
Blueprints for the Black Market Love Song
65%
New Surrender Miserable Visu (Ex Malo Bonum)
65%
New Surrender Soft Skeletons
65%
Never Take Friendship Personal Time & Confusion
65%
Cities Alexithymia
59%
Dark is the Way, Light is a Place Closer
59%
Blueprints for the Black Market The Undeveloped Story
59%
Dark is the Way, Light is a Place Down
53%
Cities Hello Alone
53%
Never Take Friendship Personal (Bonus Track) New Fast Automatic
53%
Dark is the Way, Light is a Place Pray Tell
53%
New Surrender Younglife
53%
Vital Desires
47%
Lowborn Harbinger
47%
Vital Little Tyrants
47%
Vital Orpheum
47%
Vital Self-Starter
47%
Dark is the Way, Light is a Place The Art Of War
47%
Never Take Friendship Personal The Symphony Of Blase
47%
Dark is the Way, Light is a Place To The Wolves
47%
Lowborn Armageddon
41%
Cities A Whisper & A Clamor
41%
Vital God Drugs & Sex
41%
Vital Someone Anyone
41%
Lowborn Stranger Ways
41%
New Surrender The Resistance
41%
Vital Type Three
41%
Blueprints for the Black Market We Dreamt in Heist
41%
Dark is the Way, Light is a Place We Owe This To Ourselves
41%
Vital Modern Age
35%
Dark is the Way, Light is a Place (B-Side) All We Have
29%
Lowborn Atonement
29%
Dark is the Way, Light is a Place Departed
29%
Vital Innocent
29%
Vital Intentions
29%
Dark is the Way, Light is a Place Take Me (As You Found Me)
29%
Lowborn We Are Destroyer
29%
Lowborn Birds Of Prey
24%
Lowborn Hearing Voices
24%
Dark is the Way, Light is a Place (B-Side) Hell Or High Water
24%
Cities There Is No Mathematics To Love and Loss
24%
Lowborn Velvet Covered Brick
18%
Dark is the Way, Light is a Place You Belong Here
18%
Lowborn Dissenter
12%
Dark is the Way, Light is a Place (B-Side) I'd Like To Die
12%
Lowborn Losing It All
6%
Vital Other Side
6%
No matching quizzes found
Score Distribution
Percent of People with Each Score
Percentile by Number Answered
Your Score History
You have not taken this quiz